LEADER 01028nam a2200253 i 4500 001 000000164357 003 CaOOAMICUS 005 20070912000000.0 008 070912s1960 it u000 u ita u 013 $a141725 040 $aSeMil$bita 100 1 $aSoldati, Mario,$d<1906-1999>.$0(OLS)http://semarc/name/8284 245 13$aLa messa dei villeggianti /$cMario Soldati. 250 $a6. Ed. 260 $a[Milano] :$bArnoldo Mondadori Editore,$c1960. 300 $a340 p. ;$c20 cm. 490 0 $aNarratori italiani ;$v58 773 0 $aSoldati, Mario, <1906-1999>$tOpere di Mario Soldati.$d[Milano] : Arnoldo Mondadori Editore, [19--?]$g1$w()18376 830 0$aNarratori italiani ;$v58.$0(OLS)http://semarc/title/6852 850 $aSeMil 852 $aSeMil$W1$xVenegono$y1$m1B I 429$j236598$B115624$CSeMilBibl$Z2$F126507 $81 961 $aRecupero: Altro 996 $6245$aLa messa dei villeggianti$9(OLS)http://semarc/title/234493 996 $6260$a[Milano] :$bArnoldo Mondadori Editore$9(OLS)http://semarc/publisher/29634 LEADER 01210nam a2200253 i 4500 001 000000038932 003 CaOOAMICUS 005 20250423142237.0 008 091015s1992 it u000 u ita u 040 $aSeMil$bita 100 1 $aMejía, Jorge,$c.$0(OLS)http://semarc/name/18779 245 10$aCentesimus annus :$bi passi salienti dell'Enciclica commentati e illustrati /$c[a cura di Stefano Fontana ; testi di Jorge Mejía ... et al.]. 264 1$aVerona :$bCercate,$c1992. 300 $a91 p. :$bill. ;$c31 cm. 490 1 $aParole e immagini ;$v1 650 4$aGiovanni Paolo II - Encicliche . Centesimus annus.$0(OLS)http://semarc/subject/7981 700 1 $aFontana, Stefano.$0(OLS)http://semarc/name/18780 830 0$aParole e immagini ;$v1.$0(OLS)http://semarc/title/29500 850 $aSeMil 852 $aSeMil$W1$xVenegono$y1$m3A VI 18$j256197$B5087$CSeMilBibl$Z2$F5087 $81 961 $aOmaggio: Donazione 996 $6245$aCentesimus annus :$bi passi salienti dell'Enciclica commentati e illustrati$9(OLS)http://semarc/title/55183 996 $6264$aVerona :$bCercate$9(OLS)http://semarc/publisher/35668